000 00316nam a22001457a 4500
008 210308b ||||| |||| 00| 0 eng d
020 _a2900130834101
041 _aeng
080 _23rd
_a91
082 _a91
100 _a42
101 _aGJEO
245 _aResources of the Earth
_cCraig, J.R
942 _2udc
_cBK
999 _c56012
_d56012